000 003460000a22001210004500
090 _aAS
_bSeriadas
245 1 0 _aMangrove distribution during the holocene in Tribugá Gulf, Colombia
041 0 _aInglés
700 1 _aBayona, Germán
_9100187
100 1 _aJaramillo, Carlos
_991055
942 _cARTICULO
773 1 _tBiotropica
_h1
_q14-22
_d2000
_g32
999 _c15946
_d15946